000 00530nam a2200193Ia 4500
005 20250326145335.0
008 250326s9999 xx 000 0 und d
037 _aTextbook
040 _aFMSL
_beng
_cFMSL
041 _aeng
_2eng
084 _aX:74y7 Q2
_qFMSL
100 _aCunningham J
_9751022
245 0 _aStrategy & strategists
_cCunningham J; Harney B
260 _aNew Delhi
_bNew Delhi, Oxford
_c2012
365 _b1450
650 _aManagement
942 _cTB
_hX:74y7 Q2
999 _c1307240
_d1307240